000 00606nam a2200241Ia 4500
003 OSt
005 20221007082055.0
006 a|||||r|||| 00| 0
007 ta
008 221006b |||||||| |||| 00| 0 eng d
024 _a43,418
037 _cTextual
040 _aFLL
_cFLL
_beng
041 _2eng
_aeng
082 _aZ3,3, Q6
100 _aPoole Jill
_9428646
245 0 _aTextbook on contract law
250 _a13th
260 _aUK
_bOxford University Press
_c2016
300 _axlviii,656p
_ccm.
942 _hZ3,3, Q6
_cTEXL
_2CC
999 _c1165226
_d1165226